Ecotoxicology : ecological fundamentals, chemical exposure and biological effects
Αποθηκεύτηκε σε:
| Άλλοι συγγραφείς: | , |
|---|---|
| Μορφή: | Βιβλίο |
| Γλώσσα: | English |
| Δημοσίευση: |
New york :
John Wiley and sons,
c1998
|
| Σειρά: | Environmental science and technology
|
| Θέματα: | |
| Ετικέτες: |
Προσθήκη ετικέτας
Δεν υπάρχουν, Καταχωρήστε ετικέτα πρώτοι!
|
MARC
| LEADER | 00000nam a2200000 i 4500 | ||
|---|---|---|---|
| 001 | 1/24014 | ||
| 008 | 981126s1998 eng d | ||
| 020 | |a 0-471-17644-3 | ||
| 035 | |l 10036994 | ||
| 040 | |a GR-MY-UA |b gre |e aacr | ||
| 041 | 0 | |a eng | |
| 082 | 0 | |a 571.95 | |
| 245 | 1 | 0 | |a Ecotoxicology : |b ecological fundamentals, chemical exposure and biological effects / |c edited by Gerrit Schuurmann and Bernd Markert |
| 260 | |a New york : |b John Wiley and sons, |c c1998 | ||
| 300 | |a 900 p. | ||
| 490 | 1 | |a Environmental science and technology | |
| 504 | |a Includes index | ||
| 650 | 0 | 0 | |a Pollution |x Environmental aspects. |
| 650 | 0 | 0 | |a Environmental chemistry. |
| 700 | 1 | |a Schuurmann, Gerrit. |4 edt | |
| 700 | 1 | |a Markert, B. A. |q (Bernd A.) |4 edt | |
| 830 | 0 | |a Environmental science and technology | |
| 852 | |a INST |b LESVOS |e 19981126 |h 571.95 ECO |p 005100017990 |q 005100017990 |t BK |y 0 | ||
| 901 | |a BIBL-1998-3 | ||
| 909 | |a Λ |b 060354 | ||
| 922 | |a 1ΕΛΗ |b 199810 |c ΚΠΣ/ΤΠ |d ΠΑΠΑΣΩΤΗΡΙΟΥ | ||
| 950 | |a 107-1998-07-18 | ||